|
|
|
|
| LEADER |
00000nam a22000007i 4500 |
| 001 |
IT\ICCU\MIL\0656702 |
| 003 |
ItRI |
| 005 |
20260210132207.0 |
| 008 |
050118s2004 it |||||| ||||| |||||c |
| 020 |
|
|
|a 8851706247
|
| 040 |
|
|
|b ita
|c Arcigay Genova
|
| 041 |
|
7 |
|a ita
|2 ISO-639-2
|
| 100 |
1 |
|
|a Marbelli, Pierfranco
|0 IT\ICCU\MILV\299771
|4 aut
|
| 245 |
1 |
0 |
|a Amicizie proibite /
|c Pierfranco Marbelli.
|
| 300 |
|
|
|a Firenze :
|b L'autore libri, 2004. -288 p. ;
|c 21 cm
|
| 500 |
|
|
|a In cop.: La storia di Andrea e Paolo, amici e poi amanti nella indimenticabile calda estate del 1950.
|
| 830 |
|
0 |
|a Biblioteca '80
|0 IT\ICCU\CFI\0264224
|
| 942 |
|
|
|2 ddc
|c BK
|
| 952 |
|
|
|0 0
|1 0
|2 ddc
|4 0
|6 853_920000000000000_MAR_AMI
|7 1
|9 3098
|a GE
|b GE
|d 2025-02-12
|l 0
|o 853.92 MAR AMI
|p 1545
|r 2025-02-12 14:23:48
|w 2025-02-12
|x Donazione di Alvaro Bazzano
|y BK
|z Donazione AB
|
| 952 |
|
|
|0 0
|1 0
|2 ddc
|4 0
|6 B_LNR02MARPIAMI11
|7 0
|9 5776
|a MI
|b MI
|d 2014-07-23
|i 5094
|l 0
|o B-LNR02-MARPI-AMI11
|p CDOM5094
|r 2025-07-13 16:28:00
|w 2025-07-13
|x DONO CON DEDICA DELL'AUTORE
|y BK
|z Non disponibile
|
| 952 |
|
|
|0 0
|1 0
|2 ddc
|4 0
|6 B_LNR02MARPIAMI12
|7 0
|9 5777
|a MI
|b MI
|d 2014-07-23
|i 5981
|l 0
|o B-LNR02-MARPI-AMI12
|p CDOM5981
|r 2025-07-13 16:28:00
|w 2025-07-13
|x DONO
|y BK
|
| 952 |
|
|
|0 0
|1 0
|4 0
|6 DOC_853_920000000000000_MAR
|7 0
|9 16145
|a BO
|b BO
|d 2026-01-15
|i 8765
|l 0
|o DOC 853.92 MAR
|p BO8765
|r 2026-01-15 23:19:16
|w 2026-01-15
|x [Sebina 5] [1 v.]
|y BK
|z 1 v.
|
| 999 |
|
|
|c 2498
|d 2498
|